000 00355nam a2200133Ia 4500
005 20251222143242.0
008 251222s9999||||xx |||||||||||||| ||spa||
020 _a9972-885-07-0
082 _a410.18/M63
100 _aMiranda Esquerre, Luís
245 0 _aIntroducción a la Lingüística del Texto
264 _bUniversidad Ricardo Palma
942 _cLIB
999 _c14610
_d14610